Die 10 reichsten Länder Europas - Statistiken

Allgemein
  • Dieses Quiz wurde 95 mal gespielt
  • Das Durchschnittsergebnis liegt bei 9 aus 10
Antwortstatistiken
BIP in $ Länder % Korrekt
3619 M $ Deutschland
99%
2570 M $ Frankreich
99%
1303 M $ Spanien
92%
1895 M $ Italien
89%
532 M $ Schweden
89%
800 M $ Niederlande
85%
684 M $ Schweiz
85%
488 M $ Polen
84%
489 M $ Belgien
77%
2610 M $ Vereinigtes Königreich
74%
Keine übereinstimmenden Quizze gefunden
Verteilung der Resultate
Anzahl Personen mit jedem Resultat
Perzentil nach korrekt beantworteten Fragen
Ihre Resultats-Entwicklung
Sie haben dieses Quiz noch nicht gespielt